Systém plánování ve společnosti Energetika Třinec
Charakteristika spoločnosti Energetika Třinec, a.s. Proces plánovania v spoločnosti. Bilančné plánovanie. Proces finančného plánovania. Výkaz ziskov a strát. Súvaha. Výkaz cash flow.
Gespeichert in:
| 1. Verfasser: | |
|---|---|
| Format: | Buchkapitel |
| Sprache: | Tschechisch |
| Schlagworte: | |
| Tags: |
Keine Tags, Fügen Sie das erste Tag hinzu!
|
MARC
| LEADER | 00000naa$a2200000$$$4500 | ||
|---|---|---|---|
| 001 | 0042378 | ||
| 005 | 20230509081708.4 | ||
| 041 | 0 | |a cze | |
| 044 | |a CZ | ||
| 245 | 1 | 0 | |a Systém plánování ve společnosti Energetika Třinec |c Ester Powetzová |
| 520 | |a Charakteristika spoločnosti Energetika Třinec, a.s. Proces plánovania v spoločnosti. Bilančné plánovanie. Proces finančného plánovania. Výkaz ziskov a strát. Súvaha. Výkaz cash flow. | ||
| 610 | 2 | 0 | |a plánovanie finančné |
| 610 | 2 | 0 | |a výkaz ziskov a strát |
| 610 | 2 | 0 | |a súvaha |
| 610 | 2 | 0 | |a výkazy finančné |
| 610 | 2 | 0 | |a vstupy |
| 610 | 2 | 0 | |a Energetika Třinec, a.s. |
| 100 | 1 | |a Powetzová, Ester | |